Normal view MARC view

Entry Personal Name

Number of records used in: 1

001 - CONTROL NUMBER

  • control field: 13812

003 - CONTROL NUMBER IDENTIFIER

  • control field: OSt

005 - DATE AND TIME OF LATEST TRANSACTION

  • control field: 20200310090009.0

008 - FIXED-LENGTH DATA ELEMENTS

  • fixed length control field: 200310|| aca||aabn | a|a d

040 ## - CATALOGING SOURCE

  • Original cataloging agency: OSt
  • Transcribing agency: OSt

100 ## - HEADING--PERSONAL NAME

  • Personal name: Berkshire, F. H.
  • Fuller form of name: (Frank H.)

670 ## - SOURCE DATA FOUND

  • Source citation: Work cat.: (OSt)0: Kibble, Tom W. B. 4082, Classical mechanics /, 2004.